| 000 | 01146nam a2200373 a 4500 | ||
|---|---|---|---|
| 003 | AR-BaBNM | ||
| 005 | 20251128203001.0 | ||
| 008 | 082120s2002 ||||||||||||||000 | spa|| | ||
| 020 | _a84-7100-488-7 | ||
| 040 | _cAR-BaBNM | ||
| 100 | 1 | _aHardoy, Jorge Enrique | |
| 245 | 0 | 0 |
_aImpacto de la urbanización en los centros históricos de Iberoamérica _btendencias y perspectivas |
| 250 | _a1ª ed. | ||
| 260 |
_aMadrid _bMapfre _c1992 |
||
| 300 |
_a536 p. _bil.,láms.,mapas, tablas |
||
| 490 | 0 |
_aCiudades de Iberoamérica _vv. 15 |
|
| 500 | _aApéndices para consultar p. 485-536. | ||
| 650 | 4 | _aDEMOGRAFIA HISTORICA | |
| 650 | 4 | _aCIUDADES | |
| 650 | 4 | _aDESARROLLO URBANO | |
| 650 | 4 | _aHISTORIA SOCIAL | |
| 650 | 4 | _aHISTORIA DE LAS COSTUMBRES | |
| 650 | 4 | _aPERIODO HISPANICO | |
| 650 | 4 | _aPERIODO INDEPENDIENTE | |
| 650 | 4 | _aCIUDADES ANTIGUAS | |
| 650 | 4 | _aPRESERVACION DE LOS MONUMENTOS | |
| 651 | 4 | _aAmérica Latina | |
| 700 | 1 | _aGutman, Margarita | |
| 700 | 1 |
_aMutal, Sylvio _ecolaborador |
|
| 800 | 1 |
_aGallego, José Andrés _ecoordinador |
|
| 800 | 1 |
_aLucena, Manuel _edirector |
|
| 942 | _cBK | ||
| 998 | _cmariana | ||
| 999 |
_c1368 _d1368 |
||